|
|
|
|
| LEADER |
01001nam a2200253 a 4500 |
| 001 |
2423047 |
| 008 |
091004s1988 mauaf b 001 0 eng d |
| 010 |
|
|
|a 87028741
|
| 020 |
|
|
|a 0867200723
|
| 040 |
|
|
|a DLC
|c DLC
|d DLC
|
| 082 |
0 |
0 |
|a 363.7
|2 19
|
| 100 |
1 |
|
|a ReVelle, Penelope.
|
| 245 |
1 |
4 |
|a The environment :
|b issues and choices for society /
|c Penelope ReVelle, Charles ReVelle.
|
| 250 |
|
|
|a 3rd ed.
|
| 260 |
|
|
|a Boston :
|b Jones and Bartlett Publishers,
|c c1988.
|
| 300 |
|
|
|a xvi, 749 p., [10] p. of plates :
|b ill. (some col.) ;
|c 27 cm.
|
| 504 |
|
|
|a Includes bibliographies and index.
|
| 541 |
1 |
|
|e 00004911
|
| 650 |
|
0 |
|a Environmental protection.
|
| 650 |
|
0 |
|a Human ecology.
|
| 700 |
1 |
|
|a ReVelle, Charles.
|
| 852 |
4 |
|
|a Ayesha Abed Library
|j General shelf
|
| 999 |
|
|
|c 4476
|d 4476
|
| 952 |
|
|
|0 0
|1 0
|2 ddc
|4 0
|6 363_700000000000000_REV_1988
|7 0
|9 4191
|a BRACUL
|b BRACUL
|c GEN
|d 2009-10-11
|g 0.00
|l 3
|m 1
|o 363.7 REV
|p 3010004911
|r 2014-03-06
|s 2014-03-03
|t 1
|w 2009-10-11
|y BK
|x No price found in the accession register.
|